Новости зарубежной техники. 1964, №1: Технические характеристики станков фирмы "Ниппей индастриэл К" (Япония) для обработки деталей подшипников качения (Запись № 3122056)

Подробности
000 -МАРКЕР
контрольное поле 01786nam2a22002531 4500
001 - ИДЕНТИФИКАТОР ЗАПИСИ
контрольное поле RU\NLR\INFOCOMM6\1000454431
005 - ИДЕНТИФИКАТОР ВЕРСИИ
контрольное поле 20250617110544.0
035 ## - ДРУГИЕ СИСТЕМНЫЕ НОМЕРА
Идентификатор записи (NLR Aleph) 002563079
100 ## - ДАННЫЕ ОБЩЕЙ ОБРАБОТКИ
Данные общей обработки 20040526d1963 |||y0rusy50 ca
101 0# - ЯЗЫК РЕСУРСА
Язык текста, звукозаписи и т.д. русский
102 ## - СТРАНА ПУБЛИКАЦИИ ИЛИ ПРОИЗВОДСТВА
Страна публикации Российская Федерация
105 ## - ПОЛЕ КОДИРОВАННЫХ ДАННЫХ: ТЕКСТОВЫЕ МАТЕРИАЛЫ, МОНОГРАФИЧЕСКИЕ
Кодированные данные о монографическом текстовом документе y |||||||||
200 1# - ЗАГЛАВИЕ И СВЕДЕНИЯ ОБ ОТВЕТСТВЕННОСТИ
Основное заглавие Технические характеристики станков фирмы "Ниппей индастриэл К" (Япония) для обработки деталей подшипников качения
210 ## - ПУБЛИКАЦИЯ, РАСПРОСТРАНЕНИЕ И ДР.
Дата издания, распространения и т.д. 1963
Место издания, распространения и т.д. Б. м.
309 ## - ПРИМЕЧАНИЯ ОБ ОСНОВНОМ ИСТОЧНИКЕ ИНФОРМАЦИИ И ОБ ОСОБЕННОСТЯХ ПОЛИГРАФИЧЕСКОГО ОФОРМЛЕНИЯ ИЗДАНИЯ
Текст примечания На обл. дата: 1965
461 #0 - УРОВЕНЬ НАБОРА
Встроенное поле 001RU\NLR\INFOCOMM6\1000454430
-- 2001#$aНовости зарубежной техники$eИнф. выпуск$fГос. Ком. автотракторного и с.-х. машиностроения при Госплане СССР. Упр. по развитию подшипниковой пром. Всесоюз. науч.-исслед. конструкторско-технол. ин-т подшипниковой пром. ВНИИП. Отд. науч.-техн. информации$v1964, №1
Системный номер (АБИС) связанной записи 3122047
Место публикации М.
Дата публикации 1964-1965
Первые сведения об ответственности Гос. Ком. автотракторного и с.-х. машиностроения при Госплане СССР. Упр. по развитию подшипниковой пром. Всесоюз. науч.-исслед. конструкторско-технол. ин-т подшипниковой пром. ВНИИП. Отд. науч.-техн. информации
Сведения, относящиеся к заглавию Инф. выпуск
Заглавие Новости зарубежной техники
Номер тома 1964, №1
801 #1 - ИСТОЧНИК ЗАПИСИ
Страна Российская Федерация
Организация InfoComm
Дата составления 20040526
801 #0 - ИСТОЧНИК ЗАПИСИ
Страна Российская Федерация
Организация NLR
Правила каталогизации PSBO
852 ## - МЕСТОНАХОЖДЕНИЕ И ШИФР ХРАНЕНИЯ
Идентификатор организации NLR
Шифр хранения (Call Number) П10/2991
942 ## - ДОПОЛНИТЕЛЬНЫЕ ЭЛЕМЕНТЫ ЗАПИСИ (АБИС)
Тип экземпляра АБИС Выпуск
980 ## - КОЛЛЕКЦИЯ
Название коллекции Национальная библиография
980 ## - КОЛЛЕКЦИЯ
Название коллекции Русская периодика

Нет доступных экземпляров.